| 000 | 00553nam a22001937a 4500 | ||
|---|---|---|---|
| 005 | 20240823112348.0 | ||
| 010 | _aENG-141396 | ||
| 020 |
_a9789391317294 _c300.00 |
||
| 035 | _aEN-124928 | ||
| 037 | _bDBAD | ||
| 082 |
_aS _21 |
||
| 100 |
_aMavani, Sagar _970467 |
||
| 245 |
_aG for Gobar/ _cBy Sagar Mavani |
||
| 260 |
_aNoida _bJitendra Anand Infratech Private Limited _c2021 |
||
| 270 |
_a2203, Express Trade Towers-2, Sector-132, _bNoida _e201304 _mjaipl3e@gmail.com |
||
| 300 |
_a285p. _c22cm(pb) |
||
| 700 | _970456 | ||
| 942 |
_2ddc _cEN _hS _mMAV |
||
| 999 |
_c205228 _d205228 |
||